000
00236pam a2200133 a 4500
020
_c
041
_h
100
_a
E. G. Nisbet
245
_a
Living Earth
260
_c
1991
300
_a
237
653
_a
Geography
930
_a
201
999
_c
246054
_d
246054